[Event "Kalamazoo (MI Am/1/2)"]
[Site "?"]
[Date "1997.??.??"]
[Round "?"]
[White "Silveri, Marco"]
[Black "Evans Sr., Thomas"]
[Result "0-1"]
[WhiteElo "1605"]
[BlackElo "1970"]
[PlyCount "122"]
[EventDate "1997.??.??"]

{1/(2)} 1. c4 e5 2. g3 Bc5 3. Bg2 Qf6 4. e3 d6 5. Ne2 Nc6 6. O-O Nge7 7. a3 Qe6
8. d4 exd4 9. exd4 Nxd4 10. Nxd4 Qxc4 11. Nf3 O-O 12. Nbd2 Qg4 13. Re1 Nf5 14.
b4 Bb6 15. Bb2 Bd7 16. Rc1 Bc6 17. Nc4 Rfe8 18. Nxb6 axb6 19. Qd3 Be4 20. Rc4
d5 21. Qxd5 Bxf3 22. Rxe8+ Rxe8 23. Rxg4 Re1+ 24. Bf1 Bxd5 25. Bd4 Bc4 26. Bxg7
Rxf1+ 27. Kg2 Nxg7 28. Rxc4 Ra1 29. Rxc7 Ne6 30. Rxb7 Rxa3 31. Rxb6 Rb3 32. Kh3
Kg7 33. f4 Nd4 34. Kg4 Nc2 35. Kg5 Rxb4 36. Rc6 Rb5+ 37. f5 Rxf5+ 38. Kg4 Ne3+
39. Kh4 Nf1 40. Kg4 Rf6 41. Rc5 Nxh2+ 42. Kh3 Rh6+ 43. Kg2 f6 44. Rc7+ Kg6 45.
Rc4 Kg5 46. Rh4 Ng4 47. Rxh6 Nxh6 48. Kf3 f5 49. Kf2 Kg4 50. Kg2 Nf7 51. Kf2
Ng5 52. Kg2 Ne4 53. Kh2 Nxg3 54. Kg2 h5 55. Kh2 h4 56. Kg2 h3+ 57. Kh2 Ne2 58.
Kh1 f4 59. Kh2 f3 60. Kh1 f2 61. Kh2 Nf4 0-1

[Event "Tecumseh (RVO/3/23)"]
[Site "?"]
[Date "1997.??.??"]
[Round "?"]
[White "Shukla, Ravi"]
[Black "Ohlemacher, Scott"]
[Result "0-1"]
[WhiteElo "1605"]
[BlackElo "1605"]
[PlyCount "83"]
[EventDate "1997.??.??"]

{3/(23)} 1. e4 c5 2. Nf3 d6 3. Bc4 Nc6 4. Nc3 Nf6 5. d3 g6 6. Bg5 Bg7 7. O-O
O-O 8. Qd2 Re8 9. Bh6 Bh8 10. Ng5 Ne5 11. d4 Nxc4 12. Qe2 Ng4 13. Qxc4 Nxh6 14.
Nd5 Bxd4 15. c3 Bf6 16. Nf3 Be6 17. Rfe1 Bxd5 18. Qxd5 b6 19. Qd3 Ng4 20. Qc4
Ne5 21. Nxe5 Bxe5 22. Rf1 a6 23. f4 b5 24. Qd3 Bf6 25. Qf3 Rf8 26. Rf2 e5 27.
f5 Ra7 28. Qg3 Bh4 29. Qh3 Bxf2+ 30. Kxf2 d5 31. Kg1 dxe4 32. Rf1 Rd7 33. f6
Rd6 34. Qh4 Kh8 35. g4 Rd1 36. Qh6 Rg8 37. Qh3 Rxf1+ 38. Qxf1 Qd2 39. h4 Rd8
40. g5 Qd1 41. b3 Qxf1+ 42. Kxf1 {[Remainder of scoresheet illegible]} 0-1

[Event "Tecumseh (RVO/1/16)"]
[Site "?"]
[Date "1997.??.??"]
[Round "?"]
[White "Shukla, Ravi"]
[Black "McGrath, Michael"]
[Result "0-1"]
[WhiteElo "1605"]
[BlackElo "1700"]
[PlyCount "98"]
[EventDate "1997.??.??"]

{1/(16)} 1. e4 d5 2. Nc3 d4 3. Nb5 e5 4. Bc4 Nf6 5. d3 a5 6. Nf3 Bg4 7. Bg5 c6
8. Na3 b5 9. Bxf7+ Kxf7 10. Nxe5+ Ke8 11. Qxg4 Nxg4 12. Bxd8 Nxe5 13. Bb6 Bb4+
14. Ke2 Rf8 15. Bxd4 Nbd7 16. Rhd1 g6 17. Kf1 Rb8 18. Kg1 c5 19. Bxe5 Nxe5 20.
d4 Ng4 21. f3 Ne3 22. Rd3 cxd4 23. Kh1 Ke7 24. Rxd4 Bxa3 25. Rd3 Bxb2 26. Rb1
Nc4 27. Rbd1 Rbd8 28. Rd5 Rxd5 29. Rxd5 Rd8 30. Rd3 Rxd3 31. cxd3 Ne5 32. Kg1
Nxd3 33. g4 Nc1 34. Kf2 Nxa2 35. Ke2 b4 36. Kd2 b3 37. f4 Nb4 38. h4 a4 39. Ke3
a3 40. f5 a2 41. fxg6 hxg6 42. h5 gxh5 43. gxh5 a1=Q 44. h6 Qe1+ 45. Kf4 Nd3+
46. Kf5 Qf2+ 47. Kg6 Ne5+ 48. Kg7 Qf7+ 49. Kh8 Ng6# 0-1

[Event "Michigan Senior"]
[Site "Ann Arbor, MI"]
[Date "1997.??.??"]
[Round "1.6"]
[White "Sheridan, Gregory"]
[Black "Richter, William"]
[Result "1-0"]
[WhiteElo "1925"]
[BlackElo "1605"]
[PlyCount "43"]
[EventDate "1997.??.??"]

{1/(6)} 1. e4 c5 2. Nf3 d6 3. d4 cxd4 4. c3 dxc3 5. Nxc3 Nf6 6. Bc4 g6 7. e5
Nfd7 8. exd6 exd6 9. O-O Be7 10. Bh6 Nb6 11. Bb3 Be6 12. Nd5 Nxd5 13. Bxd5 Nc6
14. Re1 Qd7 15. Qb3 Bxd5 16. Qxd5 O-O-O 17. Qxf7 d5 18. Rac1 Kb8 19. Rxc6 bxc6
20. Rxe7 Qc8 21. Bf4+ Ka8 22. Rxa7# 1-0

[Event "Michigan Senior"]
[Site "Ann Arbor, MI"]
[Date "1997.??.??"]
[Round "3.1"]
[White "Sheridan, Gregory"]
[Black "Poschel, Paul"]
[Result "0-1"]
[WhiteElo "1925"]
[BlackElo "2260"]
[PlyCount "94"]
[EventDate "1997.??.??"]

{3/(1)} 1. d4 d5 2. c4 dxc4 3. Nf3 a6 4. a4 Nf6 5. e3 e6 6. Bxc4 c5 7. O-O Nc6
8. dxc5 Qxd1 9. Rxd1 Bxc5 10. Nc3 b6 11. h3 Bb7 12. b3 Na5 13. Ne5 Ke7 14. Ba3
Bxa3 15. Rxa3 Rhd8 16. Raa1 Nd7 17. Nxd7 Rxd7 18. Rxd7+ Kxd7 19. Rd1+ Kc7 20.
Rd4 Rd8 21. f3 Rd6 22. Kf2 Rc6 23. Ke2 Nxb3 24. Bxb3 Rxc3 25. Rc4+ Rxc4 26.
Bxc4 Kd6 27. Kd3 Kc5 28. Kc3 b5 29. axb5 axb5 30. Bd3 h6 31. Kb3 Bd5+ 32. Kc3
e5 33. h4 Bc4 34. Bc2 Be6 35. Bd3 Bd7 36. g3 g5 37. hxg5 hxg5 38. g4 Bc6 39.
Be2 Bd5 40. Bd1 f6 41. Be2 Bc4 42. Bd1 b4+ 43. Kc2 Kd5 44. Kd2 e4 45. Kc2 Ke5
46. Kb2 exf3 47. Bxf3 Bd5 0-1

[Event "Lansing (MOR/4/25)"]
[Site "?"]
[Date "1997.??.??"]
[Round "?"]
[White "Serwatowski, Felix"]
[Black "Sanborn, Richard"]
[Result "1/2-1/2"]
[WhiteElo "1605"]
[BlackElo "1770"]
[PlyCount "117"]
[EventDate "1997.??.??"]

{4/(25)} 1. Nf3 c5 2. g3 Nc6 3. d3 g6 4. Bg2 Bg7 5. c3 Nf6 6. O-O O-O 7. e4 d6
8. Re1 Qc7 9. Nbd2 Bg4 10. Qc2 b5 11. Rb1 b4 12. Nc4 Nd7 13. Bd2 a5 14. Ne3
Bxf3 15. Bxf3 e6 16. Nc4 Nde5 17. Nxe5 Bxe5 18. Bg2 Bg7 19. Rbc1 Ra7 20. Be3
Rb8 21. Red1 b3 22. axb3 Rab7 23. b4 axb4 24. cxb4 Rxb4 25. b3 Qb6 26. Rb1 Bd4
27. Bd2 Rxb3 28. Rxb3 Qxb3 29. Qxb3 Rxb3 30. Be1 Ne5 31. Bf1 Kg7 32. Kg2 Rb2
33. h3 g5 34. g4 Kg6 35. Kg3 h5 36. gxh5+ Kxh5 37. f4 gxf4+ 38. Kxf4 Nc6 39.
Bg3 Nb4 40. Kf3 e5 41. Be1 Nc6 42. Rd2 Rb1 43. Ke2 Bc3 44. Rd1 Nd4+ 45. Kf2
Rxd1 46. Bxc3 Rc1 47. Ba5 Kg5 48. Bd2+ Kg6 49. Bxc1 f5 50. exf5+ Kxf5 51. Bg2
Ke6 52. h4 d5 53. h5 c4 54. dxc4 dxc4 55. Bb2 Kf5 56. Ke3 Kg5 57. Bxd4 exd4+
58. Kxd4 Kxh5 59. Kxc4 1/2-1/2

[Event "Michigan Senior"]
[Site "Ann Arbor, MI"]
[Date "1997.??.??"]
[Round "4.9"]
[White "Serwatowski, Felix"]
[Black "Moore, Robert"]
[Result "0-1"]
[WhiteElo "1605"]
[BlackElo "1715"]
[PlyCount "92"]
[EventDate "1997.??.??"]

{4/(9)} 1. d4 g6 2. e4 d6 3. Nf3 Bg7 4. Be2 Nd7 5. Nc3 e5 6. d5 Ne7 7. Be3 O-O
8. O-O f5 9. Ng5 Nf6 10. f4 h6 11. fxe5 dxe5 12. Nf3 Nxe4 13. Bf2 Nxc3 14. bxc3
Qxd5 15. Nd2 Qd8 16. Bc5 b6 17. Ba3 Be6 18. Qe1 c5 19. Bb2 Nd5 20. Qg3 Nf4 21.
Qe3 Nxe2+ 22. Qxe2 Qg5 23. Nf3 Qg4 24. Qf2 Bd5 25. h3 Qf4 26. Bc1 Qc4 27. Bd2
Bxf3 28. Qxf3 Rad8 29. Be1 e4 30. Qg3 Kh7 31. Qc7 Qf7 32. Qc6 Qd7 33. Qxd7 Rxd7
34. a4 a6 35. Rb1 Rd6 36. Bg3 Rc6 37. c4 Bd4+ 38. Kh1 e3 39. Rfe1 f4 40. Bh2
Re6 41. Re2 g5 42. Rf1 Kg7 43. Rf3 Ref6 44. Kg1 h5 45. Kf1 g4 46. hxg4 hxg4 0-1

[Event "Lansing (MOR/2/17)"]
[Site "?"]
[Date "1997.??.??"]
[Round "?"]
[White "Serwatowski, Felix"]
[Black "Moore, Robert"]
[Result "1/2-1/2"]
[WhiteElo "1605"]
[BlackElo "1640"]
[PlyCount "83"]
[EventDate "1997.??.??"]

{2/(17)} 1. d4 d6 2. Nf3 g6 3. g3 Bg7 4. Bg2 Nd7 5. c4 c5 6. dxc5 Nxc5 7. O-O
Nf6 8. Nc3 O-O 9. Rb1 Bf5 10. Ra1 Be6 11. Nd2 Nfd7 12. Nd5 Nb6 13. Nf4 Rb8 14.
Nxe6 Nxe6 15. Rb1 Qc7 16. b3 Nd8 17. Ba3 Nc6 18. e3 a5 19. Rc1 Nb4 20. Bxb4
axb4 21. Ne4 Ra8 22. c5 dxc5 23. Rxc5 Qd7 24. Qe2 Rfd8 25. Rcc1 Qe8 26. Nc5 Nd5
27. Bxd5 Rxd5 28. Qc4 Rd2 29. Qxb4 Raxa2 30. Qxb7 Qa8 31. Qxa8+ Rxa8 32. Rfd1
Raa2 33. Rxd2 Rxd2 34. Rb1 Rd5 35. Na4 e6 36. b4 Rb5 37. Nc5 Bf8 38. Na6 Kg7
39. e4 Kf6 40. f4 h5 41. h4 Be7 42. Kg2 1/2-1/2

[Event "Michigan Senior"]
[Site "Ann Arbor, MI"]
[Date "1997.??.??"]
[Round "2.10"]
[White "Serwatowski, Felix"]
[Black "Brown, Ralph"]
[Result "0-1"]
[WhiteElo "1605"]
[BlackElo "1645"]
[PlyCount "32"]
[EventDate "1997.??.??"]

{2/(10)} 1. e4 e5 2. Nf3 Nf6 3. Nc3 Bb4 4. d3 Bxc3+ 5. bxc3 d6 6. Bg5 h6 7.
Bxf6 Qxf6 8. d4 Bg4 9. Be2 Qf4 10. Qd3 O-O 11. d5 Nd7 12. Qc4 Nc5 13. Nd2 Bd7
14. Rd1 a5 15. O-O b5 16. g3 Qf6 0-1

[Event "Lansing (MOR/1b/27)"]
[Site "?"]
[Date "1997.??.??"]
[Round "?"]
[White "Seppala, Travis"]
[Black "Roth, Bruce"]
[Result "0-1"]
[WhiteElo "1605"]
[BlackElo "1605"]
[PlyCount "60"]
[EventDate "1997.??.??"]

1. d4 d5 2. e3 Nf6 3. Bd3 Nc6 4. Nc3 a6 5. Qf3 Nb4 6. e4 Nxd3+ 7. cxd3 c6 8. e5
Nd7 9. Qf4 h6 10. Nf3 e6 11. g4 g5 12. Qe3 f6 13. h4 fxe5 14. dxe5 Bg7 15. d4
c5 16. hxg5 cxd4 17. Qf4 hxg5 18. Rxh8+ Bxh8 19. Nxg5 Nxe5 20. Bd2 Nd3+ 21. Ke2
Nxf4+ 22. Bxf4 dxc3 23. bxc3 e5 24. Bg3 Qxg5 25. Rh1 Bxg4+ 26. Kf1 O-O-O 27.
Bh4 Qc1+ 28. Kg2 Qh6 29. Bxd8 Bf3+ 30. Kg1 Qxh1# 0-1

[Event "Kalamazoo (MI Am/4/32)"]
[Site "?"]
[Date "1997.??.??"]
[Round "?"]
[White "Seppala, Travis"]
[Black "Kotman, Stuart"]
[Result "0-1"]
[WhiteElo "1605"]
[BlackElo "1605"]
[PlyCount "80"]
[EventDate "1997.??.??"]

{4/(32)} 1. e4 e5 2. Nf3 d6 3. Nc3 Nf6 4. Bc4 Nc6 5. O-O Bg4 6. Nd5 Nxe4 7. Ne3
h6 8. d3 Nf6 9. Nd5 Be7 10. h3 Bh5 11. Qe2 O-O 12. Nxf6+ Bxf6 13. Qe4 Bg6 14.
Qe2 a6 15. Be3 d5 16. Bb3 Re8 17. c4 d4 18. Bd2 e4 19. dxe4 Bxe4 20. c5 d3 21.
Qd1 Nd4 22. Nxd4 Bxd4 23. Qc1 Qf6 24. Ba4 c6 25. Be3 Bxb2 26. Qd1 Bxa1 27. Qxa1
Qxa1 28. Rxa1 Rad8 29. Rd1 Bf5 30. Bd2 Re2 31. Kf1 Be6 32. Ba5 Rd7 33. a3 Rd4
34. Bc3 Rxa4 35. Rxd3 Rc2 36. Rg3 g6 37. Bf6 Rxc5 38. Rd3 Rd5 39. Rb3 Rd7 40.
Bc3 Bxb3 0-1

[Event "Kalamazoo (MI Am/2/18)"]
[Site "?"]
[Date "1997.??.??"]
[Round "?"]
[White "Seppala, Travis"]
[Black "Hill, Brad"]
[Result "0-1"]
[WhiteElo "1605"]
[BlackElo "1700"]
[PlyCount "52"]
[EventDate "1997.??.??"]

{2/(18)} 1. e4 c5 2. Nf3 Nc6 3. d4 cxd4 4. Nxd4 e5 5. Nxc6 bxc6 6. Bc4 Ba6 7.
Bxa6 Qa5+ 8. Bd2 Qxa6 9. Qh5 d6 10. f4 Nf6 11. Qe2 Qxe2+ 12. Kxe2 Nxe4 13. Be3
exf4 14. Bxf4 d5 15. Nd2 Bd6 16. g3 Bxf4 17. gxf4 O-O 18. Ke3 Rfe8 19. Rhe1 f5
20. c4 d4+ 21. Kxd4 Rad8+ 22. Ke3 Nxd2+ 23. Kf2 Rxe1 24. Rxe1 Ne4+ 25. Kf3 Rd2
26. Re3 Rf2# 0-1

[Event "Lansing (MOR/5/49)"]
[Site "?"]
[Date "1997.??.??"]
[Round "?"]
[White "Seppala, Travis"]
[Black "Hall, E."]
[Result "1-0"]
[WhiteElo "1605"]
[BlackElo "1605"]
[PlyCount "57"]
[EventDate "1997.??.??"]

{5/(49)} 1. d4 d5 2. e3 Nf6 3. Bd3 Nc6 4. Nc3 Bg4 5. f3 Bh5 6. e4 e6 7. Nge2
Bb4 8. O-O O-O 9. e5 Nd7 10. Bf4 Nb6 11. Qd2 Qe7 12. Bh6 Qh4 13. Bg5 Qxd4+ 14.
Nxd4 Nxd4 15. Bf6 Bxc3 16. bxc3 c6 17. cxd4 Na4 18. Bxg7 Kxg7 19. Qg5+ Bg6 20.
Qf6+ Kg8 21. Bxg6 hxg6 22. Qe7 Rab8 23. Rab1 b5 24. Rb4 Rfe8 25. Qh4 Nc3 26.
Re1 Nxa2 27. Rb3 a5 28. f4 a4 29. Rh3 1-0

[Event "Lansing (MOR/3/48)"]
[Site "?"]
[Date "1997.??.??"]
[Round "?"]
[White "Seppala, Travis"]
[Black "Carpenter, T."]
[Result "0-1"]
[WhiteElo "1605"]
[BlackElo "1605"]
[PlyCount "62"]
[EventDate "1997.??.??"]

{3/(48)} 1. d4 d5 2. e3 Bf5 3. Nc3 Nf6 4. Bb5+ c6 5. Bd3 g6 6. f3 e6 7. e4 dxe4
8. Bxe4 Bxe4 9. fxe4 Bb4 10. Qd3 b6 11. Bg5 h6 12. Bh4 Bxc3+ 13. Qxc3 Nxe4 14.
Bxd8 Nxc3 15. Bf6 Nd5 16. Bxh8 f6 17. Nf3 Kf7 18. O-O Ne3 19. Rfe1 Nxc2 20.
Rad1 Nxe1 21. Rxe1 Nd7 22. Bxf6 Nxf6 23. Ne5+ Ke7 24. Nxc6+ Kd6 25. Ne5 Rc8 26.
Nxg6 Rc2 27. Nf4 Ke7 28. Rxe6+ Kf7 29. d5 Ng4 30. Ne2 Rxb2 31. Re4 Rb1+ 0-1

[Event "Kalamazoo (MI Am/2/8)"]
[Site "?"]
[Date "1997.??.??"]
[Round "?"]
[White "Semerciyan, Mike"]
[Black "Watson, D."]
[Result "1-0"]
[WhiteElo "1900"]
[BlackElo "1605"]
[PlyCount "79"]
[EventDate "1997.??.??"]

{2/(8)} 1. Nf3 Nf6 2. c4 g6 3. Nc3 Bg7 4. e4 O-O 5. d4 d6 6. Be2 Nc6 7. d5 Nb8
8. O-O a5 9. h3 Na6 10. Be3 Nc5 11. Qc2 Nfd7 12. Nd4 e5 13. dxe6 Nxe6 14. Ndb5
Nb6 15. Bxb6 cxb6 16. Rad1 Qg5 17. Nd5 Nc5 18. f4 Qh4 19. Nxd6 Bxh3 20. Bf3 Be6
21. e5 g5 22. Qf2 Qxf2+ 23. Rxf2 gxf4 24. Nxf4 Bxe5 25. Nxe6 fxe6 26. Re2 Bf4
27. Nxb7 Rab8 28. Nxc5 bxc5 29. Rxe6 Rxb2 30. Rd7 Rb1+ 31. Kf2 Rb2+ 32. Ke1
Rb1+ 33. Kf2 Rb2+ 34. Re2 Rxe2+ 35. Kxe2 Re8+ 36. Kd3 Re3+ 37. Kc2 Re1 38. Ra7
Rc1+ 39. Kd3 Rd1+ 40. Bxd1 1-0

[Event "Kalamazoo (MI Am/4/7)"]
[Site "?"]
[Date "1997.??.??"]
[Round "?"]
[White "Semerciyan, Mike"]
[Black "Post, Robert"]
[Result "0-1"]
[WhiteElo "1900"]
[BlackElo "1650"]
[PlyCount "74"]
[EventDate "1997.??.??"]

{4/(7)} 1. Nf3 f5 2. d4 Nf6 3. h3 g6 4. Bf4 d6 5. e3 Bg7 6. Bc4 h6 7. c3 d5 8.
Be2 O-O 9. Nbd2 Qe8 10. Bxc7 g5 11. Qb3 Nc6 12. Be5 e6 13. Bb5 a6 14. Bxc6 Qxc6
15. O-O g4 16. Nh4 Qe8 17. g3 gxh3 18. f3 Qh5 19. Rae1 Rf7 20. Kh2 Nd7 21. Bxg7
Rxg7 22. Rg1 Nf6 23. Qd1 Kh7 24. Qe2 Bd7 25. Qf1 Rag8 26. Qxh3 Qf7 27. Rg2 Nh5
28. Reg1 e5 29. dxe5 f4 30. g4 fxe3 31. Nf1 Nf4 32. Qg3 Nxg2 33. Rxg2 Bxg4 34.
fxg4 Qxf1 35. Nf5 Rxg4 36. Qxg4 Rxg4 37. Rxg4 Qxf5 0-1

[Event "Lansing (MI Op/4/14)"]
[Site "?"]
[Date "1997.??.??"]
[Round "?"]
[White "Sellers, Matt"]
[Black "Solon, Nathan"]
[Result "1/2-1/2"]
[WhiteElo "2005"]
[BlackElo "1870"]
[PlyCount "131"]
[EventDate "1997.??.??"]

{4/(14)} 1. d4 Nf6 2. Nf3 c5 3. d5 b5 4. c4 Bb7 5. b3 d6 6. Nbd2 g6 7. Bb2 b4
8. e4 Bg7 9. Bd3 e5 10. O-O Nbd7 11. Ne1 Rg8 12. g3 g5 13. h3 Qe7 14. Ng2 Bh6
15. Ne3 Bc8 16. Be2 Nb6 17. Ng4 Nxg4 18. Bxg4 Bxg4 19. hxg4 a5 20. Kg2 a4 21.
Rh1 Qf6 22. Nf1 a3 23. Bc1 Qg6 24. f3 Bf8 25. Ne3 Nc8 26. Rh5 h6 27. Bd2 Rh8
28. Nf5 f6 29. Qc2 Ra7 30. Rah1 Rc7 31. R1h2 Kd8 32. Qc1 Rch7 33. Qe1 Rb7 34.
Qe3 Rbh7 35. Qe1 Rb7 36. Qh1 Rbh7 37. Kf2 Kd7 38. Qe1 Kd8 39. Bxb4 cxb4 40.
Qxb4 Ra7 41. Qc3 Qh7 42. Rh1 Ke8 43. b4 Ra6 44. Kg2 Na7 45. Ne3 Nc8 46. R5h2
Qb7 47. Nf5 Ra4 48. Rb1 Qc7 49. Rhh1 Rh7 50. Rhc1 Qa7 51. c5 Rc7 52. c6 Nb6 53.
Ne3 Kf7 54. Rb3 Qa6 55. b5 Qa8 56. Rb4 Be7 57. Nc4 Rxb4 58. Qxb4 Qb8 59. Nxa3
Ra7 60. Rc2 Bd8 61. Nc4 Nxc4 62. Qxc4 Bb6 63. Qb3 Qc8 64. a4 Kg6 65. Ra2 Qd8
66. Qc3 1/2-1/2

[Event "Lansing (MI Op/2/2)"]
[Site "?"]
[Date "1997.??.??"]
[Round "?"]
[White "Sellers, Matt"]
[Black "Kamberi, Sonny"]
[Result "1/2-1/2"]
[WhiteElo "2005"]
[BlackElo "2340"]
[PlyCount "82"]
[EventDate "1997.??.??"]

{2/(2)} 1. d4 Nf6 2. Nf3 g6 3. c4 Bg7 4. Nc3 O-O 5. e4 d6 6. Be2 e5 7. O-O Na6
8. dxe5 dxe5 9. Qxd8 Rxd8 10. Bg5 Re8 11. Ne1 Be6 12. f3 c6 13. Nc2 h6 14. Be3
Bf8 15. Rfd1 Bc5 16. Bxc5 Nxc5 17. b4 Na6 18. Rd2 Rad8 19. Rad1 Rxd2 20. Rxd2
Kf8 21. a3 Ke7 22. Ne3 Rd8 23. Rxd8 Kxd8 24. c5 Nc7 25. Bc4 Nd7 26. Bxe6 Nxe6
27. Nc4 Kc7 28. Ne2 b6 29. cxb6+ axb6 30. Kf2 b5 31. Nd2 Nb6 32. g3 c5 33. bxc5
Nxc5 34. Nc3 Kc6 35. Ke3 Ne6 36. Ne2 Kc5 37. Nb3+ Kc4 38. Nd2+ Kc5 39. Nb3+ Kd6
40. Na5 Nc5 41. Nc3 Nc4+ 1/2-1/2

[Event "Lansing (MI Op/5/11)"]
[Site "?"]
[Date "1997.??.??"]
[Round "?"]
[White "Sellers, Matt"]
[Black "Grossman, Jay"]
[Result "0-1"]
[WhiteElo "2005"]
[BlackElo "1860"]
[PlyCount "51"]
[EventDate "1997.??.??"]

{5/(11)} 1. d4 Nf6 2. Nf3 g6 3. c4 Bg7 4. Nc3 d5 5. Qb3 dxc4 6. Qxc4 O-O 7. e4
c6 8. Be2 b5 9. Qd3 b4 10. Na4 Ba6 11. Qc2 Bxe2 12. Qxe2 e5 13. dxe5 Ng4 14.
Bf4 Qa5 15. b3 Nxe5 16. Nxe5 Bxe5 17. Bxe5 Qxe5 18. O-O Nd7 19. Qc4 c5 20. Rfd1
Rfc8 21. f4 Qe7 22. Qc2 Nb6 23. Nb2 c4 24. bxc4 Nxc4 25. Rd4 Na3 26. Qxc8+ 0-1

[Event "Michigan Team"]
[Site "Ann Arbor, MI"]
[Date "1997.??.??"]
[Round "3.14"]
[White "Sellers, Matt"]
[Black "Coleman, John"]
[Result "1-0"]
[WhiteElo "1965"]
[BlackElo "1965"]
[PlyCount "125"]
[EventDate "1997.??.??"]

{3/1} 1. e4 c6 2. d4 d5 3. exd5 cxd5 4. Bd3 Nf6 5. c3 Nc6 6. Bf4 Qb6 7. Qb3
Qxb3 8. axb3 g6 9. Nd2 Bg7 10. h3 O-O 11. Ngf3 b6 12. O-O Bb7 13. Rfe1 e6 14.
Ra2 Rfe8 15. Rea1 Rec8 16. b4 a5 17. b5 Ne7 18. Re1 Nd7 19. g4 Re8 20. Raa1 Nc8
21. Re2 Bf8 22. Kg2 Nd6 23. Rae1 Rec8 24. Nf1 Nf6 25. Ng3 Nfe4 26. Ne5 Nxg3 27.
fxg3 Rd8 28. Bg5 Kg7 29. Bxd8 Rxd8 30. Rf1 Be7 31. Kh2 Bc8 32. Ref2 Rf8 33. b3
f6 34. Nc6 Kf7 35. c4 dxc4 36. bxc4 Bd7 37. c5 bxc5 38. dxc5 Nb7 39. Ne5+ Ke8
40. Nxd7 Kxd7 41. c6+ Kc7 42. cxb7 Kxb7 43. Be4+ Kb6 44. Bc6 e5 45. Rd1 Bc5 46.
Rc2 Bd4 47. Rc4 Rd8 48. Kg2 f5 49. gxf5 gxf5 50. g4 fxg4 51. hxg4 Rg8 52. Kh3
Rg7 53. Rdxd4 exd4 54. Rxd4 h6 55. Rd6 a4 56. Rxh6 a3 57. Kg3 Kc5 58. Rh2 Kb4
59. b6 Rg8 60. b7 Kc5 61. Rc2+ Kd6 62. Bf3 Rb8 63. Ra2 1-0

[Event "Lansing (MOR/5/5)"]
[Site "?"]
[Date "1997.??.??"]
[Round "?"]
[White "Scioly, Tony"]
[Black "Walquist, Elaine"]
[Result "0-1"]
[WhiteElo "1605"]
[BlackElo "1745"]
[PlyCount "86"]
[EventDate "1997.??.??"]

{5/(5)} 1. e4 c5 2. Nf3 d6 3. d4 cxd4 4. Nxd4 Nf6 5. Nc3 a6 6. Bc4 e6 7. Bb3
Nc6 8. Be3 Be7 9. f4 O-O 10. Qf3 Na5 11. O-O Ne8 12. e5 Bd7 13. f5 Nxb3 14.
axb3 Qc8 15. Qg4 dxe5 16. fxe6 fxe6 17. Rxf8+ Bxf8 18. Nf3 Nf6 19. Qg3 e4 20.
Ng5 Bc6 21. Rf1 h6 22. Rxf6 gxf6 23. Ngxe4+ Kf7 24. Bxh6 Bxe4 25. Nxe4 Qd8 26.
Bxf8 Qd1+ 27. Kf2 Qxc2+ 28. Kg1 Qc1+ 29. Kf2 Qxb2+ 30. Kf1 Qc1+ 31. Kf2 Qc2+
32. Kf1 Qd1+ 33. Kf2 Qd4+ 34. Kf1 Kxf8 35. Qf4 f5 36. Qh6+ Qg7 37. Qf4 Rc8 38.
Qd6+ Qe7 39. Qf4 Kg8 40. Qg3+ Qg7 41. Qxg7+ Kxg7 42. Nd6 Rc1+ 43. Kf2 b5 0-1

[Event "Lansing (MOR/7/9)"]
[Site "?"]
[Date "1997.??.??"]
[Round "?"]
[White "Scioly, Tony"]
[Black "Sundeen, David"]
[Result "1/2-1/2"]
[WhiteElo "1605"]
[BlackElo "1700"]
[PlyCount "73"]
[EventDate "1997.??.??"]

{7/(9)} 1. e4 e5 2. Nf3 Nf6 3. Nxe5 d6 4. Nf3 Nxe4 5. d4 d5 6. Bd3 Be7 7. O-O
O-O 8. Re1 Nf6 9. Nc3 c6 10. Bf4 Bg4 11. h3 Bxf3 12. Qxf3 Bd6 13. Bg5 Nbd7 14.
Bf5 Qb6 15. Bxd7 Nxd7 16. Be7 Bxe7 17. Rxe7 Nf6 18. Qd3 Rae8 19. Rxe8 Rxe8 20.
b3 Qc7 21. Qd2 Qa5 22. Qd3 Kf8 23. f3 Qc7 24. Qd2 Qd6 25. a4 Nh5 26. Re1 Rxe1+
27. Qxe1 Ng3 28. Qe5 Qxe5 29. dxe5 Nf5 30. Ne2 Ne3 31. c3 Ke7 32. Kf2 Nf5 33.
g4 Nh4 34. Kg3 Ng6 35. f4 Nf8 36. Nc1 Nd7 37. Nd3 1/2-1/2

[Event "Lansing (MOR/4/24)"]
[Site "?"]
[Date "1997.??.??"]
[Round "?"]
[White "Scioly, Tony"]
[Black "Mudri, Mark"]
[Result "1-0"]
[WhiteElo "1605"]
[BlackElo "1605"]
[PlyCount "109"]
[EventDate "1997.??.??"]

{4/(24)} 1. e4 c6 2. d4 d5 3. exd5 cxd5 4. c4 Nf6 5. Nc3 e6 6. Nf3 Be7 7. c5
Nc6 8. Bb5 Bd7 9. Bxc6 Bxc6 10. Ne5 O-O 11. Bf4 Rc8 12. O-O b6 13. b4 bxc5 14.
bxc5 Qa5 15. Qc2 Nd7 16. Nxc6 Rxc6 17. Qd2 Bf6 18. Nxd5 Qxd2 19. Nxf6+ Nxf6 20.
Bxd2 Rd8 21. Be3 Ng4 22. Rfb1 Nxe3 23. fxe3 g6 24. Rb7 a6 25. Rab1 e5 26. R7b6
Rcc8 27. c6 exd4 28. exd4 Rxd4 29. Rc1 Kg7 30. c7 Rd7 31. Rbc6 a5 32. Kf2 Rd2+
33. Ke3 Rxa2 34. Rb6 Ra3+ 35. Kd4 Ra4+ 36. Kd5 Rb4 37. Rxb4 axb4 38. Kd6 b3 39.
Kd7 b2 40. Rb1 Ra8 41. c8=Q Rxc8 42. Kxc8 f5 43. Rxb2 Kf6 44. Re2 h5 45. Kd7
Kg5 46. Ke6 h4 47. Rf2 Kg4 48. Kf6 f4 49. Rf3 g5 50. h3+ Kh5 51. Kf5 Kh6 52.
Kg4 Kg6 53. Rc3 Kf6 54. Rc5 f3 55. gxf3 1-0

[Event "Kalamazoo (MI Am/4/14)"]
[Site "?"]
[Date "1997.??.??"]
[Round "?"]
[White "Scioly, Tony"]
[Black "Moulter, Art"]
[Result "1/2-1/2"]
[WhiteElo "1605"]
[BlackElo "1605"]
[PlyCount "100"]
[EventDate "1997.??.??"]

{4/(14)} 1. e4 e5 2. Nf3 Nc6 3. Bb5 a6 4. Bxc6 dxc6 5. O-O Bd6 6. d4 exd4 7.
Qxd4 f6 8. Re1 Ne7 9. Nc3 O-O 10. e5 fxe5 11. Qc4+ Kh8 12. Bg5 Qd7 13. Rad1 Ng6
14. Nxe5 Nxe5 15. Rxe5 b5 16. Qh4 Qg4 17. Re4 Qxh4 18. Bxh4 Bf5 19. Re2 Rae8
20. Rde1 Rxe2 21. Rxe2 a5 22. f3 Bg6 23. Ne4 Re8 24. Kf1 Bf7 25. b3 a4 26. Rd2
Bf4 27. Rd8 Rxd8 28. Bxd8 a3 29. g3 Bd6 30. Nxd6 cxd6 31. Be7 d5 32. Ke2 Bg6
33. Kd2 Kg8 34. Bxa3 Kf7 35. Bc5 Ke6 36. f4 h5 37. c3 Kf5 38. a4 bxa4 39. bxa4
Kg4 40. a5 Bf5 41. a6 Bc8 42. a7 Bb7 43. Ke2 Kh3 44. Bg1 g6 45. Kf2 d4 46. cxd4
c5 47. Ke2 cxd4 48. Bxd4 Kxh2 49. Kf2 Kh3 50. Be3 Kg4 1/2-1/2

[Event "Kalamazoo (MI Am/5/13)"]
[Site "?"]
[Date "1997.??.??"]
[Round "?"]
[White "Scioly, Tony"]
[Black "Martell, Raul"]
[Result "0-1"]
[WhiteElo "1605"]
[BlackElo "1665"]
[PlyCount "82"]
[EventDate "1997.??.??"]

{5/(13)} 1. e4 e5 2. Nf3 Nc6 3. Bb5 Bc5 4. c3 d6 5. d4 exd4 6. cxd4 Bb4+ 7. Bd2
Bd7 8. Bxb4 Nxb4 9. Bxd7+ Qxd7 10. O-O Nc6 11. Nc3 Nge7 12. Re1 O-O 13. Rc1
Rfd8 14. a3 Ng6 15. Nb5 a6 16. Nxc7 Qxc7 17. d5 Qb6 18. dxc6 bxc6 19. Qc2 a5
20. Re3 Rab8 21. g3 Ne7 22. b3 h6 23. Rb1 Rd7 24. Nd2 d5 25. exd5 Nxd5 26. Rf3
Rdb7 27. Nc4 Qc5 28. Rc1 Nf6 29. Rf5 Nd5 30. Rf3 Re7 31. Qd2 Ra8 32. Ne5 Qxa3
33. Nxc6 Re2 34. Qxd5 Qxc1+ 35. Kg2 Rf8 36. Ne5 Qc7 37. Nd7 Rd8 38. Qxf7+ Kh8
39. Ne5 Qd6 40. Ng6+ Kh7 41. Qf5 Qxg6 0-1

[Event "Kalamazoo (MI Am/2/7)"]
[Site "?"]
[Date "1997.??.??"]
[Round "?"]
[White "Scioly, Tony"]
[Black "Levadi, David"]
[Result "0-1"]
[WhiteElo "1605"]
[BlackElo "1900"]
[PlyCount "20"]
[EventDate "1997.??.??"]

{2/(7)} 1. e4 Nc6 2. d4 e5 3. Nf3 exd4 4. Nxd4 Qh4 5. Qd3 Nf6 6. Nxc6 dxc6 7.
e5 Bc5 8. g3 Qe4+ 9. Qxe4 Nxe4 10. Be3 Bxe3 0-1

[Event "Lansing (MOR/2/4)"]
[Site "?"]
[Date "1997.??.??"]
[Round "?"]
[White "Scioly, Tony"]
[Black "Hill, Brad"]
[Result "0-1"]
[WhiteElo "1605"]
[BlackElo "1765"]
[PlyCount "70"]
[EventDate "1997.??.??"]

{2/(4)} 1. e4 c5 2. Nf3 Nc6 3. d4 cxd4 4. Nxd4 e5 5. Nb5 d6 6. Nd2 a6 7. Nc3
Nf6 8. Nc4 b5 9. Ne3 b4 10. Ncd5 Nxe4 11. Qf3 Ng5 12. Nf6+ gxf6 13. Qxc6+ Bd7
14. Qd5 Qc8 15. Nc4 Qc6 16. Qd3 Be7 17. Be3 Be6 18. f3 Bxc4 19. Qxc4 Qxc4 20.
Bxc4 O-O 21. O-O-O f5 22. h4 Ne6 23. Bd3 f4 24. Bf2 d5 25. h5 f5 26. Bh4 Bxh4
27. Rxh4 h6 28. Be2 Nd4 29. Bd3 Rfc8 30. Rd2 Rc6 31. Rf2 Rac8 32. Rd2 b3 33.
axb3 Nxb3+ 34. Kd1 Nxd2 35. Kxd2 e4 0-1